000 02138nam0a2200373 4500
001 RU\NLR\bibl\1455219
005 20260405194759.0
021 _aRU
_b2009-88503
_95572
035 _a(NLR Aleph) 001447026
090 _a1499123
_c1499123
100 _a20091218d2009 |||y0rusy50 ca
101 0 _arus
_deng
_eeng
102 _aRU
105 _aa |||||||||
200 1 _aХимия природных соединений
_dChemistry of natural compounds
_eучебное пособие для студентов, обучающихся по специальностям 020201 - Биология, 020801 - Экология и 020101 - Химия
_fА.И. Панасенко, С.Е. Сенютина
_gФедер. агентство по образованию, Гос. образоват. учреждение высш. проф. образования, "Тамб. гос. ун-т им. Г.Р. Державина"
_zeng
210 _aТамбов
_cИзд-во ТГУ
_d2009
215 _a61 с.
_cил.
_d21
300 _aАвт. также на англ. яз.: A.I. Panasenko, S.E. Sinyutina
313 _aлаб. работы
320 _aБиблиогр.: с. 61 (7 назв.)
510 1 _6z24790
_aChemistry of natural compounds
_zeng
606 1 _aОрганические соединения природные
_jУчебные издания для высших учебных заведений
_xХимия
_xЛабораторная практика
_92592913
_3RU\NLR\auth\661532201
686 _aГ29я73-5
700 1 _4070
_8rus
_7ca
_aПанасенко
_bА. И.
_gАлександр Иванович
_3RU\NLR\auth\7786483
_969411
701 1 _4070
_7ca
_8rus
_aСинютина
_bС. Е.
_gСветлана Евгеньевна
_3RU\NLR\auth\7748160
_931095
790 1 _4070
_8rus
_7ba
_aPanasenko
_bA. I.
_gAleksandr Ivanovič
_3RU\NLR\auth\7786484
_969412
790 1 _4070
_7ba
_8rus
_aSinjutina
_bS. E.
_gSvetlana Evgen'evna
_3RU\NLR\auth\7748161
_931096
801 0 _aRU
_bNLR
_c20091218
_gRCR
801 1 _aRU
_bNLR
_c20091218
830 _aавт. по кн.
942 _cBOOK
980 _aNB
980 _aNBR